[Event "Campobasso op 16th"]
[Site "Campobasso"]
[Date "2009.07.25"]
[Round "3"]
[White "Arbore, Federica"]
[Black "Mazzarella, Antonio"]
[Result "0-1"]
[WhiteElo "1239"]
[BlackElo "2048"]
[PlyCount "64"]
[EventDate "2009.07.24"]
[EventType "swiss"]
[EventRounds "6"]
[EventCountry "ITA"]
[SourceTitle "EXT 2012"]
[Source "ChessBase"]
[SourceDate "2011.11.24"]
[SourceVersion "1"]
[SourceVersionDate "2011.11.24"]
[SourceQuality "1"]

1. e4 e6 2. d4 d5 3. e5 c5 4. c3 Nc6 5. Nf3 Bd7 6. Be3 cxd4 7. cxd4 Bb4+ 8. Nbd2 Nge7 9. Bd3 Ng6 10. Qc2 Rc8 11. Qb3 0-0 12. Rc1 Nh4 13. 0-0 Bxd2 14. Nxd2 Qe7 15. h3 Qb4 16. Qxb4 Nxb4 17. Bb1 Bb5 18. Rxc8 Rxc8 19. Re1 Nf5 20. Bxf5 exf5 21. Bg5 Nxa2 22. e6 Rc1 23. Rxc1 Nxc1 24. e7 f6 25. Bf4 Kf7 26. Bd6 Ne2+ 27. Kh2 Nxd4 28. g4 Nc6 29. e8Q+ Kxe8 30. gxf5 Bd3 31. Kg3 Bxf5 32. Kf4 Bxh3 0-1